UK Towns Quiz - Conwy - Wales - Statistics

General Stats
  • This quiz has been taken 34 times
    27 since last reset
  • The average score is 8 of 14
Answer Stats
Clue Population Town % Correct
C 29,268 Colwyn Bay
100%
C 15,725 Conwy
100%
L 14,709 Llandudno
94%
A 8,537 Abergele
76%
K 9,011 Kinmel Bay
65%
L 2,463 Llanrwst
59%
P 2,762 Penmaenmawr
59%
L 3,544 Llanfairfechan
53%
P 4,199 Penrhyn Bay
53%
P 1,329 Pensarn
35%
L 1,100 Llanddulas
29%
D 1,401 Dwygyfylchi
18%
L 1,661 Llansanffraid Glan Conwy
12%
M 1,352 Mynydd Marian
6%
No matching quizzes found
Score Distribution
Percent of People with Each Score
Percentile by Number Answered
Your Score History
You have not taken this quiz since the last reset